[Event "DEM U10w 2018"]
[Site "Willingen GER"]
[Date "2018.05.20"]
[Round "2"]
[White "Loos, Violeta"]
[Black "Hengst, Sarah"]
[Result "1-0"]
[Termination "normal"]
[Board "15"]
[WhiteElo "1023"]
[BlackElo "878"]
[PlyCount "83"]
[WhiteFideId "34605290"]
[BlackFideId "16286030"]
[EventCountry "GER"]
[EventRounds "11"]
[EventType "swiss"]
[EventDate "2018.05.19"]

1. e4 e5 2. Nf3 Nc6 3. Bc4 Nf6 4. Nc3 Nxe4 5. d3 Nxc3 6. bxc3 Bc5 7. O-O Bd6 8.
d4 exd4 9. cxd4 Na5 10. Re1+ Be7 11. Bd3 O-O 12. Qe2 Nc6 13. Qe4 g6 14. d5 f5
15. Qc4 Na5 16. d6+ Nxc4 17. Bxc4+ Kh8 18. dxe7 Qe8 19. exf8=Q+ Qxf8 20. Bb2+
Qg7 21. Bxg7+ Kxg7 22. Re8 Kh6 23. Re7 b5 24. Bg8 Kh5 25. h3 g5 26. Rxh7+ Kg6
27. Ne5+ Kf6 28. Re1 f4 29. Ng4+ Kg6 30. Ne5+ Kf5 31. Rf7+ Ke6 32. Nc4+ Kd5 33.
Rf6+ Kc5 34. Nd2 Bb7 35. Re5+ d5 36. Ne4+ Kd4 37. Re7 dxe4 38. Rd7+ Ke5 39.
Re6+ Kf5 40. g4+ fxg3 41. Rg7 Kf4 42. Rf7# 1-0

[Event "DEM U10w 2018"]
[Site "Willingen GER"]
[Date "2018.05.21"]
[Round "3"]
[White "Stepanjan, Marianne"]
[Black "Peglau, Charis"]
[Result "1-0"]
[Termination "normal"]
[Board "1"]
[WhiteElo "1246"]
[BlackElo "1324"]
[WhiteClock "00:18:05"]
[BlackClock "00:09:07"]
[PlyCount "63"]
[WhiteFideId "16246110"]
[BlackFideId "16219996"]
[EventCountry "GER"]
[EventRounds "11"]
[EventType "swiss"]
[EventDate "2018.05.19"]

1. e4 {[%clk 1:15:59]} 1... c6 {[%clk 1:15:51]} 2. d4 {[%clk 1:16:10]} 2... d5
{[%clk 1:16:13]} 3. exd5 {[%clk 1:14:50]} 3... cxd5 {[%clk 1:15:48]} 4. c4 {
[%clk 1:13:56]} 4... Nf6 {[%clk 1:15:40]} 5. Nc3 {[%clk 1:13:53]} 5... Nc6 {
[%clk 1:15:18]} 6. Nf3 {[%clk 1:12:22]} 6... Bg4 {[%clk 1:14:27]} 7. h3 { [%clk
1:12:15]} 7... Bxf3 {[%clk 1:14:46]} 8. gxf3 {[%clk 1:08:02]} 8... dxc4 { [%clk
1:11:04]} 9. d5 {[%clk 1:06:37]} 9... Ne5 {[%clk 1:09:14]} 10. Bf4 { [%clk
1:05:25]} 10... Ng6 {[%clk 1:08:42]} 11. Bg5 {[%clk 1:01:40]} 11... Qb6 { [%clk
1:06:55]} 12. Rb1 {[%clk 0:57:13]} 12... h6 {[%clk 1:03:40]} 13. Be3 { [%clk
0:56:42]} 13... Qd6 {[%clk 1:00:38]} 14. Bxc4 {[%clk 0:55:48]} 14... a6 { [%clk
0:58:07]} 15. a3 {[%clk 0:51:06]} 15... Rd8 {[%clk 0:55:17]} 16. Ne4 { [%clk
0:49:00]} 16... Qc7 {[%clk 0:47:09]} 17. Rc1 {[%clk 0:43:50]} 17... Qe5 { [%clk
0:36:54]} 18. Bd4 {[%clk 0:38:18]} 18... Qh5 {[%clk 0:35:34]} 19. Ng3 { [%clk
0:36:11]} 19... Qh4 {[%clk 0:32:46]} 20. Bb6 {[%clk 0:31:21]} 20... Rb8 { [%clk
0:25:32]} 21. Bc7 {[%clk 0:26:50]} 21... Rc8 {[%clk 0:24:45]} 22. Bb6 { [%clk
0:26:28]} 22... Rxc4 23. Ne4 {[%clk 0:24:01]} 23... Rxe4+ {[%clk 0:21:52] } 24.
fxe4 {[%clk 0:23:31]} 24... Qxe4+ {[%clk 0:22:03]} 25. Kd2 { [%clk 0:22:55]}
25... Qxd5+ {[%clk 0:22:13]} 26. Ke3 {[%clk 0:22:29]} 26... Qe6+ {[%clk
0:19:47]} 27. Kf3 {[%clk 0:22:04]} 27... Qe4+ {[%clk 0:18:54]} 28. Kg3 {[%clk
0:21:50]} 28... Qf4+ {[%clk 0:13:48]} 29. Kg2 {[%clk 0:21:27]} 29... Qe4+
{[%clk 0:12:06]} 30. Kg1 {[%clk 0:21:07]} 30... Nd5 {[%clk 0:10:32]} 31. f3
{[%clk 0:18:05]} 31... Qe5 {[%clk 0:09:07]} 32. Qa4# 1-0

[Event "DEM U10w 2018"]
[Site "Willingen GER"]
[Date "2018.05.21"]
[Round "3"]
[White "Czäczine, Laura"]
[Black "Peglau, Dora"]
[Result "1-0"]
[Termination "normal"]
[Board "2"]
[WhiteElo "1171"]
[BlackElo "1203"]
[WhiteClock "00:36:34"]
[BlackClock "00:35:44"]
[PlyCount "97"]
[WhiteFideId "16211448"]
[BlackFideId "16220005"]
[EventCountry "GER"]
[EventRounds "11"]
[EventType "swiss"]
[EventDate "2018.05.19"]

1. e4 {[%clk 1:15:58]} 1... c5 {[%clk 1:16:20]} 2. Nf3 {[%clk 1:16:17]} 2...
Nc6 {[%clk 1:16:45]} 3. d4 {[%clk 1:16:38]} 3... cxd4 {[%clk 1:17:10]} 4. c3 {
[%clk 1:16:54]} 4... dxc3 {[%clk 1:17:26]} 5. Nxc3 {[%clk 1:17:12]} 5... a6 {
[%clk 1:17:39]} 6. Bc4 {[%clk 1:17:27]} 6... b5 {[%clk 1:17:52]} 7. Bb3 { [%clk
1:17:35]} 7... e6 {[%clk 1:17:59]} 8. O-O {[%clk 1:17:10]} 8... Bb7 { [%clk
1:18:03]} 9. Qe2 {[%clk 1:16:46]} 9... Bb4 {[%clk 1:17:39]} 10. Bd2 { [%clk
1:13:24]} 10... Na5 {[%clk 1:11:24]} 11. Bc2 {[%clk 1:11:17]} 11... Nc4 { [%clk
1:11:31]} 12. Be1 {[%clk 1:08:35]} 12... Nf6 {[%clk 1:10:39]} 13. b3 { [%clk
1:05:46]} 13... Nb6 {[%clk 1:09:34]} 14. a3 {[%clk 1:05:21]} 14... Bxc3 { [%clk
1:09:07]} 15. Bxc3 {[%clk 1:05:37]} 15... O-O {[%clk 1:08:44]} 16. Rfd1 { [%clk
1:03:54]} 16... Rc8 {[%clk 1:07:12]} 17. Ba5 {[%clk 1:01:44]} 17... Rc6 { [%clk
0:59:08]} 18. Nd4 {[%clk 0:59:21]} 18... Rc8 {[%clk 0:57:23]} 19. Nf3 { [%clk
0:56:30]} 19... d5 {[%clk 0:55:51]} 20. e5 {[%clk 0:54:22]} 20... Nfd7 { [%clk
0:54:35]} 21. Rac1 {[%clk 0:52:55]} 21... Qc7 {[%clk 0:49:51]} 22. Bxh7+ {[%clk
0:52:58]} 22... Kxh7 {[%clk 0:50:08]} 23. Rxc7 {[%clk 0:53:10]} 23... Rxc7
{[%clk 0:50:26]} 24. Qe3 {[%clk 0:52:31]} 24... Rfc8 {[%clk 0:49:08]} 25. h3
{[%clk 0:52:05]} 25... Ba8 {[%clk 0:46:09]} 26. Bxb6 {[%clk 0:52:03]} 26... Rc3
{[%clk 0:46:04]} 27. Rd3 {[%clk 0:50:54]} 27... Rc1+ {[%clk 0:45:50]} 28. Kh2
{[%clk 0:51:01]} 28... Nxb6 {[%clk 0:45:06]} 29. Qxb6 {[%clk 0:50:47]} 29...
R1c6 {[%clk 0:45:24]} 30. Qe3 {[%clk 0:50:38]} 30... Rc2 {[%clk 0:43:49]} 31.
Ng5+ {[%clk 0:50:09]} 31... Kg8 {[%clk 0:44:09]} 32. Qf4 {[%clk 0:49:12]} 32...
R2c7 {[%clk 0:44:02]} 33. Qh4 {[%clk 0:48:21]} 33... Kf8 {[%clk 0:43:28]} 34.
Rf3 {[%clk 0:47:42]} 34... Ke8 {[%clk 0:41:44]} 35. b4 {[%clk 0:45:11]} 35...
d4 {[%clk 0:40:53]} 36. Rd3 {[%clk 0:44:17]} 36... Ke7 {[%clk 0:39:45]} 37.
Ne4+ {[%clk 0:43:40]} 37... Kd7 {[%clk 0:38:12]} 38. Rxd4+ {[%clk 0:42:27]}
38... Bd5 {[%clk 0:38:17]} 39. Nd6 {[%clk 0:40:29]} 39... Rf8 {[%clk 0:37:45]}
40. Qg4 {[%clk 0:39:54]} 40... g6 {[%clk 0:37:28]} 41. Rxd5 {[%clk 0:40:03]}
41... Rc2 {[%clk 0:36:28]} 42. Rd3 {[%clk 0:38:42]} 42... Kc7 {[%clk 0:36:07]}
43. Qe4 {[%clk 0:38:02]} 43... Rb8 {[%clk 0:35:48]} 44. Qh4 {[%clk 0:36:56]}
44... Kd7 {[%clk 0:34:49]} 45. Nxf7+ {[%clk 0:36:50]} 45... Kc6 {[%clk 0:34:56]
} 46. Nd8+ {[%clk 0:36:30]} 46... Kb6 {[%clk 0:35:09]} 47. Rd6+ {[%clk 0:36:27]
} 47... Kc7 {[%clk 0:35:23]} 48. Qe7+ {[%clk 0:36:26]} 48... Kc8 { [%clk
0:35:44]} 49. Qd7# {[%clk 0:36:34]} 1-0

[Event "DEM U10w 2018"]
[Site "Willingen GER"]
[Date "2018.05.21"]
[Round "3"]
[White "Trunz, Michelle"]
[Black "Ottlik, Marie"]
[Result "1-0"]
[Termination "normal"]
[Board "3"]
[WhiteElo "1312"]
[BlackElo "1190"]
[WhiteClock "00:40:07"]
[BlackClock "00:49:37"]
[PlyCount "133"]
[WhiteFideId "16227980"]
[BlackFideId "16281730"]
[EventCountry "GER"]
[EventRounds "11"]
[EventType "swiss"]
[EventDate "2018.05.19"]

1. e4 {[%clk 1:15:30]} 1... d5 {[%clk 1:15:30]} 2. exd5 {[%clk 1:15:30]} 2...
Nf6 {[%clk 1:15:30]} 3. d4 {[%clk 1:15:30]} 3... Nxd5 {[%clk 1:15:30]} 4. c4 {
[%clk 1:15:30]} 4... Nb6 {[%clk 1:15:30]} 5. Nc3 {[%clk 1:15:22]} 5... Bf5 {
[%clk 1:15:12]} 6. Nf3 {[%clk 1:14:57]} 6... e6 {[%clk 1:15:13]} 7. Be2 { [%clk
1:14:48]} 7... Be7 {[%clk 1:15:28]} 8. O-O {[%clk 1:14:59]} 8... O-O { [%clk
1:15:43]} 9. Bf4 {[%clk 1:14:55]} 9... N8d7 {[%clk 1:15:10]} 10. Bg3 { [%clk
1:12:53]} 10... Nf6 {[%clk 1:14:44]} 11. Nh4 {[%clk 1:11:05]} 11... Ne4 { [%clk
1:12:04]} 12. Nxf5 {[%clk 1:11:05]} 12... Nxg3 {[%clk 1:12:00]} 13. Nxe7+
{[%clk 1:11:26]} 13... Qxe7 {[%clk 1:12:02]} 14. fxg3 {[%clk 1:11:12]} 14...
Rad8 {[%clk 1:11:25]} 15. Qd2 {[%clk 1:09:16]} 15... e5 {[%clk 1:09:19]} 16. b3
{[%clk 0:52:56]} 16... exd4 {[%clk 1:08:01]} 17. Nd1 {[%clk 0:52:05]} 17...
Rfe8 {[%clk 1:06:17]} 18. Bf3 {[%clk 0:52:00]} 18... c6 {[%clk 1:04:57]} 19.
Kh1 {[%clk 0:50:47]} 19... Qe5 {[%clk 1:00:14]} 20. Rc1 {[%clk 0:49:53]} 20...
Re7 {[%clk 0:59:24]} 21. c5 {[%clk 0:49:19]} 21... Nd7 {[%clk 0:58:21]} 22. b4
{[%clk 0:48:16]} 22... Rde8 {[%clk 0:58:12]} 23. Nb2 {[%clk 0:46:58]} 23... Qe3
{[%clk 0:54:21]} 24. Rcd1 {[%clk 0:46:38]} 24... Qxd2 {[%clk 0:54:03]} 25. Rxd2
{[%clk 0:47:03]} 25... Re1 {[%clk 0:54:11]} 26. Rd1 {[%clk 0:47:02]} 26...
Rxf1+ {[%clk 0:53:30]} 27. Rxf1 {[%clk 0:47:24]} 27... Ne5 {[%clk 0:52:48]} 28.
Bd1 {[%clk 0:46:35]} 28... b6 {[%clk 0:52:09]} 29. Bb3 {[%clk 0:45:50]} 29...
Re7 {[%clk 0:51:53]} 30. h3 {[%clk 0:45:54]} 30... bxc5 {[%clk 0:50:57]} 31.
bxc5 {[%clk 0:46:07]} 31... Nd7 {[%clk 0:51:07]} 32. Rc1 {[%clk 0:45:34]} 32...
Re2 {[%clk 0:49:45]} 33. Na4 {[%clk 0:41:32]} 33... d3 {[%clk 0:46:21]} 34. Nc3
{[%clk 0:39:52]} 34... Re3 {[%clk 0:45:12]} 35. Nd1 {[%clk 0:38:50]} 35... Re1+
{[%clk 0:45:16]} 36. Kh2 {[%clk 0:39:02]} 36... d2 {[%clk 0:45:15]} 37. Rc4 {
[%clk 0:38:34]} 37... Ne5 {[%clk 0:44:40]} 38. Rd4 {[%clk 0:38:24]} 38... Kf8 {
[%clk 0:44:31]} 39. Rxd2 {[%clk 0:38:32]} 39... a6 {[%clk 0:43:44]} 40. Nc3 {
[%clk 0:37:44]} 40... Rc1 {[%clk 0:43:20]} 41. Na4 {[%clk 0:36:48]} 41... Nc4 {
[%clk 0:43:07]} 42. Rc2 {[%clk 0:35:56]} 42... Rxc2 {[%clk 0:43:06]} 43. Bxc2 {
[%clk 0:36:20]} 43... Ne3 {[%clk 0:43:20]} 44. Bd3 {[%clk 0:35:58]} 44... f5 {
[%clk 0:43:27]} 45. Bxa6 {[%clk 0:35:36]} 45... Ke7 {[%clk 0:43:38]} 46. Kg1 {
[%clk 0:35:46]} 46... g5 {[%clk 0:43:25]} 47. Kf2 {[%clk 0:36:01]} 47... f4 {
[%clk 0:43:26]} 48. gxf4 {[%clk 0:35:54]} 48... gxf4 {[%clk 0:43:48]} 49. g3 {
[%clk 0:35:05]} 49... Nd5 {[%clk 0:43:49]} 50. gxf4 {[%clk 0:34:44]} 50... Nxf4
{[%clk 0:44:13]} 51. Kg3 {[%clk 0:34:57]} 51... Nd3 {[%clk 0:44:25]} 52. Bxd3 {
[%clk 0:35:19]} 52... h6 {[%clk 0:44:45]} 53. Nc3 {[%clk 0:35:25]} 53... Ke6 {
[%clk 0:45:04]} 54. a4 {[%clk 0:35:45]} 54... Kd7 {[%clk 0:45:21]} 55. a5 {
[%clk 0:36:05]} 55... Kc7 {[%clk 0:45:46]} 56. a6 {[%clk 0:36:29]} 56... Kb8 {
[%clk 0:46:01]} 57. Kg4 {[%clk 0:36:45]} 57... Ka7 {[%clk 0:46:25]} 58. Kh5 {
[%clk 0:37:07]} 58... Kb8 {[%clk 0:46:45]} 59. Kxh6 {[%clk 0:37:32]} 59... Ka7
{[%clk 0:47:07]} 60. Kg5 {[%clk 0:37:45]} 60... Kb8 {[%clk 0:47:31]} 61. h4 {
[%clk 0:38:08]} 61... Ka7 {[%clk 0:47:54]} 62. h5 {[%clk 0:38:33]} 62... Kb8 {
[%clk 0:48:15]} 63. h6 {[%clk 0:38:58]} 63... Ka7 {[%clk 0:48:40]} 64. h7 {
[%clk 0:39:21]} 64... Kb8 {[%clk 0:49:00]} 65. h8=Q+ {[%clk 0:39:44]} 65... Ka7
{[%clk 0:49:20]} 66. Qg7+ {[%clk 0:40:07]} 66... Kb8 {[%clk 0:49:37]} 67. Qb7#
1-0

[Event "DEM U10w 2018"]
[Site "Willingen GER"]
[Date "2018.05.21"]
[Round "3"]
[White "Heuberger, Sandra"]
[Black "Oellrich, Emma"]
[Result "0-1"]
[Termination "normal"]
[Board "4"]
[WhiteElo "1132"]
[BlackElo "1162"]
[WhiteClock "00:03:23"]
[BlackClock "00:25:37"]
[PlyCount "86"]
[WhiteFideId "16232151"]
[BlackFideId "16268806"]
[EventCountry "GER"]
[EventRounds "11"]
[EventType "swiss"]
[EventDate "2018.05.19"]

1. e4 {[%clk 1:15:58]} 1... e6 {[%clk 1:15:51]} 2. d4 {[%clk 1:16:17]} 2... d5
{[%clk 1:16:00]} 3. exd5 {[%clk 1:16:20]} 3... exd5 {[%clk 1:16:09]} 4. Bd3 {
[%clk 1:16:20]} 4... c5 {[%clk 1:16:18]} 5. Nf3 {[%clk 1:15:57]} 5... Nc6 {
[%clk 1:16:27]} 6. c3 {[%clk 1:15:55]} 6... Nf6 {[%clk 1:15:39]} 7. O-O { [%clk
1:15:17]} 7... Be7 {[%clk 1:15:28]} 8. Re1 {[%clk 1:15:18]} 8... O-O { [%clk
1:15:45]} 9. Bg5 {[%clk 1:15:32]} 9... Qb6 {[%clk 1:15:12]} 10. h3 { [%clk
1:12:12]} 10... Qxb2 {[%clk 1:11:58]} 11. Nbd2 {[%clk 1:00:10]} 11... Qxc3
{[%clk 1:11:59]} 12. Re3 {[%clk 0:51:19]} 12... Qa5 {[%clk 1:11:09]} 13. Qc2
{[%clk 0:43:58]} 13... h6 {[%clk 1:05:56]} 14. Bh4 {[%clk 0:44:02]} 14... Be6
{[%clk 1:05:52]} 15. Rae1 {[%clk 0:42:35]} 15... cxd4 {[%clk 1:03:38]} 16. R3e2
{[%clk 0:38:06]} 16... Qc3 {[%clk 0:55:30]} 17. Qxc3 {[%clk 0:32:17]} 17...
dxc3 {[%clk 0:55:35]} 18. Nb3 {[%clk 0:32:15]} 18... Nb4 19. Bb1 { [%clk
0:31:09]} 19... a5 {[%clk 0:53:13]} 20. a3 {[%clk 0:30:06]} 20... a4 { [%clk
0:53:15]} 21. Nbd4 {[%clk 0:29:49]} 21... Nc6 {[%clk 0:51:01]} 22. Rc2 { [%clk
0:26:21]} 22... Bxa3 {[%clk 0:49:06]} 23. Bxf6 {[%clk 0:25:44]} 23... gxf6
{[%clk 0:47:59]} 24. Nxe6 {[%clk 0:20:38]} 24... fxe6 {[%clk 0:46:20]} 25. Rxe6
{[%clk 0:19:14]} 25... d4 {[%clk 0:44:53]} 26. Rce2 {[%clk 0:17:43]} 26... Bb2
{[%clk 0:41:07]} 27. Ba2 {[%clk 0:17:09]} 27... Kh8 {[%clk 0:39:40]} 28. R6e4
{[%clk 0:15:03]} 28... d3 {[%clk 0:38:59]} 29. R2e3 {[%clk 0:14:46]} 29... d2
{[%clk 0:38:30]} 30. Kh2 {[%clk 0:14:16]} 30... d1=Q {[%clk 0:38:08]} 31. Rg4
{[%clk 0:14:13]} 31... Qd6+ {[%clk 0:37:37]} 32. Rg3 {[%clk 0:13:20]} 32... c2
{[%clk 0:37:02]} 33. Nh4 {[%clk 0:12:09]} 33... Rfd8 {[%clk 0:32:58]} 34. Ng6+
34... Kh7 {[%clk 0:32:25]} 35. Bf7 {[%clk 0:08:21]} 35... c1=Q { [%clk
0:28:01]} 36. f4 {[%clk 0:06:05]} 36... Bd4 {[%clk 0:27:07]} 37. Bg8+ { [%clk
0:04:34]} 37... Kxg8 {[%clk 0:26:06]} 38. Ne5+ {[%clk 0:04:29]} 38... Kf8
{[%clk 0:25:52]} 39. Nf3 {[%clk 0:04:19]} 39... Bxe3 {[%clk 0:25:15]} 40. h4 {
[%clk 0:04:11]} 40... Bxf4 {[%clk 0:25:12]} 41. Kh3 {[%clk 0:04:08]} 41... Bxg3
{[%clk 0:25:29]} 42. h5 {[%clk 0:03:08]} 42... Qh1+ {[%clk 0:25:29]} 43. Kg4 {
[%clk 0:03:23]} 43... Qf4# {[%clk 0:25:37]} 0-1

[Event "DEM U10w 2018"]
[Site "Willingen GER"]
[Date "2018.05.21"]
[Round "3"]
[White "Mirnaya, Veronika"]
[Black "Muhina, Alina"]
[Result "1-0"]
[Termination "normal"]
[Board "5"]
[WhiteElo "1036"]
[BlackElo "948"]
[WhiteClock "01:06:26"]
[BlackClock "00:56:27"]
[PlyCount "61"]
[WhiteFideId "16277406"]
[BlackFideId "16298322"]
[EventCountry "GER"]
[EventRounds "11"]
[EventType "swiss"]
[EventDate "2018.05.19"]

1. e4 {[%clk 1:15:57]} 1... c6 {[%clk 1:15:55]} 2. d4 {[%clk 1:16:15]} 2... d5
{[%clk 1:16:16]} 3. e5 {[%clk 1:16:35]} 3... g6 {[%clk 1:15:32]} 4. f4 { [%clk
1:16:56]} 4... e6 {[%clk 1:15:08]} 5. Nf3 {[%clk 1:17:14]} 5... Bg7 { [%clk
1:15:20]} 6. Be3 {[%clk 1:17:06]} 6... Ne7 {[%clk 1:15:36]} 7. Bd3 { [%clk
1:16:54]} 7... O-O {[%clk 1:15:48]} 8. O-O {[%clk 1:16:37]} 8... Nd7 { [%clk
1:15:58]} 9. Nbd2 {[%clk 1:16:03]} 9... b5 {[%clk 1:16:04]} 10. g4 { [%clk
1:16:08]} 10... Ba6 {[%clk 1:15:52]} 11. c3 {[%clk 1:16:17]} 11... f5 { [%clk
1:13:45]} 12. Ng5 {[%clk 1:13:18]} 12... Qe8 {[%clk 1:11:21]} 13. Nxe6 { [%clk
1:13:14]} 13... Rf7 {[%clk 1:10:44]} 14. Nc7 {[%clk 1:13:34]} 14... Qf8 { [%clk
1:10:39]} 15. Nxa8 {[%clk 1:13:00]} 15... Qxa8 {[%clk 1:11:03]} 16. e6 { [%clk
1:13:18]} 16... Rf8 {[%clk 1:10:53]} 17. exd7 {[%clk 1:13:41]} 17... Qd8 {[%clk
1:08:46]} 18. gxf5 {[%clk 1:13:28]} 18... gxf5 {[%clk 1:08:38]} 19. Kh1 {[%clk
1:13:05]} 19... Kh8 {[%clk 1:08:09]} 20. Rg1 {[%clk 1:13:17]} 20... Rg8 {[%clk
1:07:40]} 21. Qh5 {[%clk 1:13:26]} 21... Qxd7 {[%clk 1:06:24]} 22. Nf3 { [%clk
1:13:51]} 22... h6 {[%clk 1:04:21]} 23. Rg2 {[%clk 1:13:10]} 23... Qd6 { [%clk
1:01:28]} 24. Nh4 {[%clk 1:13:01]} 24... Qf6 {[%clk 0:58:54]} 25. Bxf5 { [%clk
1:10:52]} 25... Nxf5 {[%clk 0:58:58]} 26. Nxf5 {[%clk 1:11:11]} 26... Bc8
{[%clk 0:59:03]} 27. Nxg7 {[%clk 1:07:32]} 27... Rxg7 {[%clk 0:56:35]} 28. Rag1
{[%clk 1:06:24]} 28... Rxg2 {[%clk 0:56:31]} 29. Rxg2 {[%clk 1:06:20]} 29...
Bf5 {[%clk 0:56:13]} 30. Qe8+ {[%clk 1:06:26]} 30... Kh7 {[%clk 0:56:27]} 31.
Qg8# {Kh8} 1-0

[Event "DEM U10w 2018"]
[Site "Willingen GER"]
[Date "2018.05.21"]
[Round "3"]
[White "Pröttel, Ela"]
[Black "Arnold, Rubina"]
[Result "1-0"]
[Termination "normal"]
[Board "6"]
[WhiteElo "1125"]
[BlackElo "1133"]
[WhiteClock "00:01:33"]
[BlackClock "00:47:40"]
[PlyCount "81"]
[WhiteFideId "44582749"]
[BlackFideId "16276272"]
[EventCountry "GER"]
[EventRounds "11"]
[EventType "swiss"]
[EventDate "2018.05.19"]

1. e4 {[%clk 1:15:30]} 1... d5 {[%clk 1:15:47]} 2. exd5 {[%clk 1:15:51]} 2...
Nf6 {[%clk 1:16:07]} 3. Nf3 {[%clk 1:13:28]} 3... Nxd5 {[%clk 1:16:19]} 4. d4 {
[%clk 1:10:00]} 4... Nc6 {[%clk 1:15:29]} 5. c4 {[%clk 1:08:59]} 5... Nf6 {
[%clk 1:14:39]} 6. Be3 {[%clk 1:06:32]} 6... Bf5 {[%clk 1:14:17]} 7. Be2 {
[%clk 1:04:01]} 7... Nb4 {[%clk 1:14:15]} 8. Qa4+ {[%clk 1:01:08]} 8... Nc6 {
[%clk 1:12:37]} 9. d5 {[%clk 0:58:00]} 9... Nxd5 {[%clk 1:11:43]} 10. cxd5 {
[%clk 0:56:44]} 10... Qxd5 {[%clk 1:11:50]} 11. Nc3 {[%clk 0:46:50]} 11... Qd8
{[%clk 1:11:26]} 12. Ne5 12... Bd7 {[%clk 1:10:23]} 13. Nxd7 {[%clk 0:43:30]}
13... Qxd7 {[%clk 1:10:29]} 14. Bb5 {[%clk 0:41:39]} 14... e6 {[%clk 1:07:50]}
15. Bxc6 {[%clk 0:41:01]} 15... bxc6 {[%clk 1:07:56]} 16. Rd1 {[%clk 0:39:31]}
16... Bd6 {[%clk 1:08:06]} 17. Qg4 {[%clk 0:34:42]} 17... f6 {[%clk 1:05:17]}
18. h3 {[%clk 0:29:08]} 18... Qe7 {[%clk 1:05:03]} 19. Qc4 {[%clk 0:28:32]}
19... c5 {[%clk 1:03:17]} 20. Qa6 {[%clk 0:20:51]} 20... Rd8 {[%clk 1:02:43]}
21. Qxa7 {[%clk 0:13:34]} 21... O-O {[%clk 1:02:54]} 22. O-O {[%clk 0:13:06]}
22... Ra8 {[%clk 1:01:57]} 23. Qb7 {[%clk 0:11:30]} 23... Rfb8 {[%clk 1:01:44]}
24. Qf3 {[%clk 0:09:35]} 24... Ra7 {[%clk 1:01:04]} 25. Rd2 {[%clk 0:09:03]}
25... Rab7 {[%clk 1:00:47]} 26. Qe2 {[%clk 0:07:27]} 26... f5 {[%clk 0:59:33]}
27. f3 {[%clk 0:06:28]} 27... f4 {[%clk 0:59:19]} 28. Bf2 {[%clk 0:06:41]}
28... Qf6 {[%clk 0:58:56]} 29. Rc1 {[%clk 0:05:54]} 29... Be5 {[%clk 0:56:58]}
30. Bxc5 {[%clk 0:04:53]} 30... c6 {[%clk 0:55:18]} 31. a3 {[%clk 0:03:02]}
31... Bxc3 {[%clk 0:54:56]} 32. Rxc3 {[%clk 0:02:27]} 32... Rb5 {[%clk 0:52:10]
} 33. Bd4 {[%clk 0:01:41]} 33... Qe7 {[%clk 0:51:20]} 34. Rxc6 {[%clk 0:01:10]}
34... Rd5 {[%clk 0:50:39]} 35. Be5 {[%clk 0:01:02]} 35... Rxd2 {[%clk 0:49:16]}
36. Qxd2 {[%clk 0:01:18]} 36... Rd8 {[%clk 0:48:55]} 37. Qxf4 {[%clk 0:01:24]}
37... Rd1+ {[%clk 0:48:05]} 38. Kh2 {[%clk 0:01:33]} 38... h6 {[%clk 0:48:14]}
39. Rc7 {[%clk 0:01:35]} 39... Qe8 {[%clk 0:47:27]} 40. Rxg7+ {[%clk 0:01:24]}
40... Kh8 {[%clk 0:47:40]} 41. Qxh6# {[%clk 0:01:33]} 1-0